000 00669nam a22002417a 4500
003 UA-OsUOA
001 130051
007 ta
008 20180410b un ||||| |||| 00| 0 ukr d
100 _aЗагребельний П.
090 _a821.161.2
_bЗ-14
942 _cBK
040 _aUA-OsUOA
_bukr
_cUA-OsUOA
_dUA-OsUOA
245 _aРоксолана: зібрання творів
_bроман
300 _a704 с.
955 _a3
041 _aukr
080 _a821.161.2
020 _a978-617-543-053-8
260 _aК.
_bСакцент Плюс
_c2016
650 7 _a82 Література. Літературознавство
_2UDC
999 _c417916
_d417916